Catálogo público

Normal view MARC view

Entry Nombre de reunión

Number of records used in: 1

001 - NÚMERO DE CONTROL

  • campo de control: 151478

003 - IDENTIFICADOR DEL NÚMERO DE CONTROL

  • campo de control: OSt

005 - FECHA Y HORA DE LA ÚLTIMA TRANSACCIÓN

  • campo de control: 20220127160319.0

008 - DATOS DE LONGITUD FIJA

  • campo de control de longitud fija: 220127|| aca||aabn | a|a d

040 ## - FUENTE DE LA CATALOGACIÓN

  • Centro catalogador/agencia de origen: OSt
  • Centro/agencia transcriptor: OSt

111 ## - ENCABEZAMIENTO--NOMBRE DE CONGRESO/REUNIÓN

  • Nombre de congreso/reunión o jurisdicción como elemento de entrada: Secretaría de Agricultura y Ganadería (México)

670 ## - FUENTE DE DATOS ENCONTRADOS

  • Cita de la fuente: Work cat.: (OSt)172285: Reunión de Agentes Generales (2a. : 1969 Enero 22-25 : México D. F.) 151477, Segunda Reunión de Agentes Generales de la Secretaría de Agricultura ya Ganadería del 22 al 25 de Enero de 1969 : Memoria, 1969